000 00301nam a2200109Ia 4500
008 190216s9999||||xx |||||||||||||| ||und||
100 _aKochi Malayala Grantha Parishkarana Committee
245 0 _aParvathi Parinayam
260 _bKochi Malayala Basha Parishkaranam
650 _aKavithkal
942 _cBK
999 _c24185
_d24185